000
00200nam a22000977a 4500
003
SGT
245
_a
Periodontology 2000
260
_a
Willey Black well
_c
2009-2010
300
_a
276,256
942
_2
ddc
_c
BV
999
_c
31268
_d
31268